[Event "LUCOPEN 01st Op"]
[Site "Lille"]
[Date "2010.??.??"]
[Round "4.59"]
[White "Pourrahnama, Amir"]
[Black "Degraeve, Remy"]
[Result "1-0"]
[WhiteElo "1925"]
[BlackElo "1210"]
[PlyCount "41"]
[EventDate "2010.04.??"]
[EventType "swiss"]
[EventRounds "7"]
[EventCountry "FRA"]
[WhiteTeamCountry "FRA"]
[BlackTeamCountry "FRA"]

1. d4 d5 2. c4 dxc4 3. Nc3 c5 4. d5 e6 5. e4 Nf6 6. Bxc4 exd5 7. exd5 Bf5 8.
Qb3 b6 9. Bg5 Qe7+ 10. Nge2 h6 11. d6 Qxd6 12. Bxf7+ Ke7 13. Rd1 Qc6 14. Bd5
Qc7 15. Bf4 Qd7 16. Bxa8 Qe8 17. Bd6+ Kd7 18. Bxb8+ Kc8 19. Bxa7 Bg4 20. Qxb6
Nd5 21. Qb8+ 1-0

[Event "Condom op 10th"]
[Site "Condom"]
[Date "2010.??.??"]
[Round "6.6"]
[White "Preux, Paul Olivier"]
[Black "Forgues, Fabien"]
[Result "1/2-1/2"]
[WhiteElo "2301"]
[BlackElo "2176"]
[PlyCount "40"]
[EventDate "2010.07.??"]
[EventType "swiss"]
[EventRounds "9"]
[EventCountry "FRA"]
[WhiteTeamCountry "FRA"]
[BlackTeamCountry "FRA"]

1. Nf3 Nf6 2. c4 e6 3. g3 b6 4. Bg2 Bb7 5. O-O Be7 6. b3 O-O 7. Nc3 d5 8. e3
Nbd7 9. Bb2 c5 10. cxd5 Nxd5 11. d4 Nxc3 12. Bxc3 Rc8 13. Qe2 Be4 14. Rfd1 Qc7
15. Ne5 Bxg2 16. Kxg2 Nxe5 17. dxe5 Rfd8 18. Rac1 Rxd1 19. Rxd1 Rd8 20. Rd3
Rxd3 1/2-1/2

[Event "Condom op 10th"]
[Site "Condom"]
[Date "2010.??.??"]
[Round "5.9"]
[White "Preux, Paul Olivier"]
[Black "Gadarinian, Caroline"]
[Result "1-0"]
[WhiteElo "2301"]
[BlackElo "1988"]
[PlyCount "55"]
[EventDate "2010.07.??"]
[EventType "swiss"]
[EventRounds "9"]
[EventCountry "FRA"]
[WhiteTeamCountry "FRA"]
[BlackTeamCountry "FRA"]

1. Nf3 d5 2. c4 dxc4 3. e4 Nf6 4. Nc3 c6 5. Bxc4 b5 6. Bb3 b4 7. e5 bxc3 8.
exf6 cxd2+ 9. Qxd2 Qxd2+ 10. Bxd2 exf6 11. O-O Be7 12. Rfe1 a5 13. Nd4 Kf8 14.
Rac1 a4 15. Nxc6 Nxc6 16. Bd5 Be6 17. Bxc6 Rb8 18. Bxa4 Rxb2 19. Rc2 Rxa2 20.
Rxa2 Bxa2 21. Bb4 Be6 22. Rd1 Bxb4 23. Rd8+ Ke7 24. Rxh8 h6 25. Rg8 g6 26. Rh8
h5 27. Rb8 Bd6 28. Re8# 1-0

[Event "Open International d'Ambès 2010"]
[Site "Ambes"]
[Date "2010.??.??"]
[Round "3.20"]
[White "Quideau, Patrice"]
[Black "Font, Bernard"]
[Result "1/2-1/2"]
[WhiteElo "1780"]
[BlackElo "1762"]
[PlyCount "74"]
[EventDate "2010.04.??"]
[EventType "swiss"]
[EventRounds "9"]
[EventCountry "FRA"]
[WhiteTeamCountry "FRA"]
[BlackTeamCountry "FRA"]

1. Nf3 Nc6 2. c4 Nf6 3. Nc3 e6 4. d4 d5 5. e3 g6 6. Be2 Bg7 7. a3 a5 8. O-O O-O
9. Rb1 b6 10. Qc2 Ba6 11. Nb5 Re8 12. cxd5 Na7 13. Nxa7 Rxa7 14. Bxa6 Rxa6 15.
dxe6 Rxe6 16. Ne5 Nh5 17. Qc4 Ra8 18. Nf3 Nf6 19. b3 Nd5 20. Bb2 c6 21. Ba1 b5
22. Qc2 Qd6 23. Bb2 Rae8 24. Rbc1 Bh6 25. Qc5 Qb8 26. Ne5 Bf8 27. Qc2 Rc8 28.
Nd7 Qc7 29. Nxf8 Kxf8 30. e4 Ne7 31. Rfe1 Qf4 32. d5 cxd5 33. Qxc8+ Nxc8 34.
Rxc8+ Ke7 35. g3 Qd2 36. Bc3 Qa2 37. Rc7+ Kd8 1/2-1/2

[Event "Condom op 10th"]
[Site "Condom"]
[Date "2010.??.??"]
[Round "1.28"]
[White "Rachez, Christophe"]
[Black "Bouyssieres, Max"]
[Result "1-0"]
[WhiteElo "2022"]
[BlackElo "1707"]
[PlyCount "45"]
[EventDate "2010.07.??"]
[EventType "swiss"]
[EventRounds "9"]
[EventCountry "FRA"]
[WhiteTeamCountry "FRA"]
[BlackTeamCountry "FRA"]

1. d4 Nf6 2. c4 c5 3. d5 e6 4. Nc3 exd5 5. cxd5 d6 6. e4 g6 7. f3 Bg7 8. Nge2
O-O 9. Ng3 a6 10. a4 Re8 11. Be2 Nbd7 12. O-O Qc7 13. Be3 Ne5 14. Qd2 Rb8 15.
h3 h5 16. f4 Ned7 17. e5 dxe5 18. f5 c4 19. fxg6 fxg6 20. Nge4 b6 21. d6 Qd8
22. Bxc4+ Kh7 23. Ng5+ 1-0

[Event "LUCOPEN 01st Op"]
[Site "Lille"]
[Date "2010.??.??"]
[Round "4.49"]
[White "Real, Thibault"]
[Black "De Meye, Josef"]
[Result "1-0"]
[WhiteElo "1989"]
[BlackElo "1640"]
[PlyCount "47"]
[EventDate "2010.04.??"]
[EventType "swiss"]
[EventRounds "7"]
[EventCountry "FRA"]
[WhiteTeamCountry "FRA"]
[BlackTeamCountry "FRA"]

1. e4 c5 2. c3 e5 3. Nf3 Nc6 4. Bc4 d6 5. d3 Bg4 6. Nbd2 Nf6 7. h3 Bxf3 8. Nxf3
Be7 9. Qb3 O-O 10. Qxb7 Na5 11. Qa6 Nxc4 12. Qxc4 Qc7 13. O-O Rfd8 14. Qa4 d5
15. Bg5 dxe4 16. dxe4 Rd7 17. Nxe5 Qxe5 18. Bxf6 Qc7 19. Bxe7 Rxe7 20. Rad1 Qb7
21. Rd5 Qxb2 22. Rxc5 Rae8 23. Rd1 Rxe4 24. Qxe4 1-0

[Event "Championnat de Ligue Individuel"]
[Site "Vendin les Bethune"]
[Date "2010.??.??"]
[Round "4.3"]
[White "Renard, Stephane"]
[Black "Barbaut, Michel"]
[Result "1/2-1/2"]
[WhiteElo "1937"]
[BlackElo "2042"]
[PlyCount "70"]
[EventDate "2008.??.??"]
[EventType "swiss"]
[EventRounds "7"]
[EventCountry "FRA"]
[WhiteTeamCountry "FRA"]
[BlackTeamCountry "FRA"]

1. f4 d5 2. Nf3 Bg4 3. e3 Nd7 4. d4 f5 5. Bd3 Ngf6 6. O-O e6 7. b3 Ne4 8. Ba3
Qf6 9. Bxf8 Rxf8 10. Nbd2 Nxd2 11. Qxd2 Bxf3 12. Rxf3 O-O-O 13. c4 Kb8 14. c5
Nxc5 15. Rc1 Nxd3 16. Qxd3 h6 17. a4 Qe7 18. Qd2 g5 19. b4 g4 20. Rff1 h5 21.
b5 Qd7 22. Rc5 Rf7 23. Rfc1 Qc8 24. a5 Rd6 25. Rb1 h4 26. Qe2 h3 27. g3 a6 28.
b6 c6 29. Rbc1 Rf8 30. Qd3 Qd7 31. Rf1 Kc8 32. Qc2 Kd8 33. Qd3 Ke7 34. Qc2 Kf6
35. Qd3 Ra8 1/2-1/2

[Event "Championnat de Ligue Individuel"]
[Site "Vendin les Bethune"]
[Date "2010.??.??"]
[Round "1.9"]
[White "Renard, Stephane"]
[Black "Duflou, Andre"]
[Result "1-0"]
[WhiteElo "1937"]
[BlackElo "1590"]
[PlyCount "105"]
[EventDate "2008.??.??"]
[EventType "swiss"]
[EventRounds "7"]
[EventCountry "FRA"]
[WhiteTeamCountry "FRA"]
[BlackTeamCountry "FRA"]

1. f4 d5 2. Nf3 Bf5 3. d3 Nf6 4. g3 Nbd7 5. Bg2 e6 6. O-O Bc5+ 7. e3 c6 8. b3
h5 9. d4 Bb6 10. c4 Ne4 11. Bb2 Bg4 12. Qc2 Bf5 13. Qd1 Bg4 14. Qe1 Bf5 15. Nc3
Ndf6 16. Nxe4 Nxe4 17. Rc1 Bc7 18. b4 g5 19. a4 h4 20. Nd2 Nxd2 21. Qxd2 hxg3
22. hxg3 Qf6 23. cxd5 exd5 24. e4 Qh6 25. exf5 gxf4 26. Rf3 Qh2+ 27. Kf1 fxg3
28. b5 Kd7 29. bxc6+ bxc6 30. Qc2 Qxg2+ 31. Qxg2 Rh2 32. Qxh2 gxh2 33. Kg2 Rg8+
34. Kh1 Rg4 35. Rf2 Rg8 36. Bc3 Rg4 37. Rcf1 Re4 38. Re1 Rh4 39. Ref1 Re4 40.
Re1 Rh4 41. Rd1 Rh3 42. Bb4 Rh4 43. Bc5 Rh8 44. Re1 Bd6 45. Bxd6 Kxd6 46. Rxh2
Rb8 47. Rh6+ Kd7 48. Rh7 Rf8 49. f6 a5 50. Re7+ Kd6 51. Rhxf7 Rxf7 52. Rxf7 Ke6
53. Rf8 1-0

[Event "Championnat de Ligue Individuel"]
[Site "Vendin les Bethune"]
[Date "2010.??.??"]
[Round "7.3"]
[White "Renard, Stephane"]
[Black "Roger, Mehdi"]
[Result "0-1"]
[WhiteElo "1937"]
[BlackElo "2177"]
[PlyCount "124"]
[EventDate "2008.??.??"]
[EventType "swiss"]
[EventRounds "7"]
[EventCountry "FRA"]
[WhiteTeamCountry "FRA"]
[BlackTeamCountry "FRA"]

1. f4 c5 2. Nf3 Nc6 3. b3 Nf6 4. Bb2 e6 5. e3 d6 6. c4 b6 7. Nc3 Bb7 8. d4 d5
9. Be2 Be7 10. O-O O-O 11. Rc1 Ng4 12. Qd2 Nxe3 13. Qxe3 cxd4 14. Nxd4 Nxd4 15.
Bd3 dxc4 16. bxc4 Bc5 17. Kh1 Nf5 18. Qh3 Bxg2+ 19. Qxg2 Qxd3 20. Ne4 Rfd8 21.
Nf6+ Kf8 22. Nxh7+ Ke8 23. Bxg7 Ng3+ 24. Qxg3 Qxh7 25. Qg2 Rac8 26. Bf6 Be7 27.
Bxe7 Kxe7 28. f5 exf5 29. Rfe1+ Kf8 30. Qe2 Qh4 31. Qe5 Rc5 32. Qe2 Qe4+ 33.
Qxe4 fxe4 34. Rxe4 Rd2 35. a3 Ra2 36. Rf4 Rh5 37. h4 Rxa3 38. Kg2 Re5 39. Rcf1
Re2+ 40. R1f2 Rxf2+ 41. Kxf2 Kg7 42. Rd4 Kg6 43. Rd7 f6 44. Rc7 Kh5 45. Rf7 Kg6
46. Rc7 Kf5 47. c5 b5 48. Rb7 a6 49. Rb6 Rc3 50. c6 Kf4 51. Rxa6 Rc2+ 52. Ke1
f5 53. Rb6 Rc5 54. Ke2 Kg4 55. Ke3 f4+ 56. Kd4 Rc1 57. Rxb5 Rxc6 58. h5 Re6 59.
Kd3 f3 60. h6 f2 61. Rb1 Re1 62. Rb4+ Kg3 0-1

[Event "Championnat de Ligue Individuel"]
[Site "Vendin les Bethune"]
[Date "2010.??.??"]
[Round "2.1"]
[White "Renard, Stephane"]
[Black "Soyez, Cyril"]
[Result "1/2-1/2"]
[WhiteElo "1937"]
[BlackElo "2244"]
[PlyCount "30"]
[EventDate "2008.??.??"]
[EventType "swiss"]
[EventRounds "7"]
[EventCountry "FRA"]
[WhiteTeamCountry "FRA"]
[BlackTeamCountry "FRA"]

1. f4 c5 2. Nf3 g6 3. e3 Bg7 4. Be2 Nf6 5. O-O O-O 6. d3 Nc6 7. a4 Qc7 8. c3 e5
9. fxe5 Nxe5 10. Na3 d5 11. Qe1 Nxf3+ 12. Bxf3 a6 13. Qh4 Be6 14. e4 dxe4 15.
dxe4 Nd7 1/2-1/2

[Event "Mulhouse 2010 - IM"]
[Site "Mulhouse"]
[Date "2010.??.??"]
[Round "1.4"]
[White "Riff, Vincent"]
[Black "Bensdorp, Marlies"]
[Result "1-0"]
[WhiteElo "2332"]
[BlackElo "2309"]
[PlyCount "79"]
[EventDate "2010.07.??"]
[EventType "tourn"]
[EventCountry "FRA"]
[EventCategory "4"]
[WhiteTeamCountry "FRA"]
[BlackTeamCountry "FRA"]

1. c4 e6 2. Nc3 d5 3. d4 c6 4. cxd5 exd5 5. Bf4 Bf5 6. e3 Nf6 7. Nf3 Nbd7 8. h3
h6 9. Bd3 Bxd3 10. Qxd3 Be7 11. O-O-O Nf8 12. Kb1 Ne6 13. Be5 a6 14. g4 Bd6 15.
Rhg1 Qe7 16. Rc1 Nd7 17. Bxd6 Qxd6 18. Nh4 g6 19. f4 O-O-O 20. f5 Nef8 21. e4
dxe4 22. Nxe4 Qd5 23. Nc3 Qd6 24. Qc4 Qf6 25. d5 Ne5 26. Qd4 Nh7 27. Ne4 Qe7
28. d6 Qxh4 29. Qxe5 Kb8 30. d7+ Ka8 31. Qc7 Rb8 32. Rgd1 Qd8 33. Qd6 gxf5 34.
gxf5 Ng5 35. Nc5 Nxh3 36. Nxa6 bxa6 37. Rxc6 Rb7 38. Rxa6+ Ra7 39. Qc6+ Kb8 40.
Rb6+ 1-0

[Event "Mulhouse 2010 - IM"]
[Site "Mulhouse"]
[Date "2010.??.??"]
[Round "3.3"]
[White "Riff, Vincent"]
[Black "Genov, Petar"]
[Result "1/2-1/2"]
[WhiteElo "2332"]
[BlackElo "2438"]
[PlyCount "23"]
[EventDate "2010.07.??"]
[EventType "tourn"]
[EventCountry "FRA"]
[EventCategory "4"]
[WhiteTeamCountry "FRA"]
[BlackTeamCountry "FRA"]

1. d4 Nf6 2. Nf3 d5 3. Bf4 c6 4. e3 Bf5 5. Bd3 Bxd3 6. Qxd3 e6 7. Nbd2 Bd6 8.
Bxd6 Qxd6 9. Ne5 Nbd7 10. Nxd7 Qxd7 11. Qa3 Qe7 12. Qxe7+ 1/2-1/2

[Event "LUCOPEN 01st Op"]
[Site "Lille"]
[Date "2010.??.??"]
[Round "4.12"]
[White "Riff, Vincent"]
[Black "Jimenez, Martin"]
[Result "1-0"]
[WhiteElo "2333"]
[BlackElo "1846"]
[PlyCount "51"]
[EventDate "2010.04.??"]
[EventType "swiss"]
[EventRounds "7"]
[EventCountry "FRA"]
[WhiteTeamCountry "FRA"]
[BlackTeamCountry "FRA"]

1. e4 c6 2. Nc3 d5 3. Nf3 dxe4 4. Nxe4 Nf6 5. Qe2 Nxe4 6. Qxe4 Nd7 7. Bc4 e6 8.
O-O Nf6 9. Qe2 Bd6 10. d4 h6 11. Ne5 Qc7 12. Re1 O-O 13. Bf4 Nd5 14. Bg3 Bd7
15. Bd3 Rae8 16. c4 Ne7 17. c5 Bxe5 18. Bxe5 Qc8 19. Qe4 f5 20. Qf3 Nd5 21. Qg3
Nf6 22. Qg6 Rf7 23. Re3 Ng4 24. Rg3 b6 25. Rxg4 fxg4 26. Qh7+ 1-0

[Event "Mulhouse 2010 - IM"]
[Site "Mulhouse"]
[Date "2010.??.??"]
[Round "7.1"]
[White "Riff, Vincent"]
[Black "Lerch, Patrice"]
[Result "1/2-1/2"]
[WhiteElo "2332"]
[BlackElo "2334"]
[PlyCount "24"]
[EventDate "2010.07.??"]
[EventType "tourn"]
[EventCountry "FRA"]
[EventCategory "4"]
[WhiteTeamCountry "FRA"]
[BlackTeamCountry "FRA"]

1. e4 c5 2. Nf3 Nc6 3. d4 cxd4 4. Nxd4 Nf6 5. Nc3 e6 6. Ndb5 d6 7. Bf4 e5 8.
Bg5 a6 9. Na3 b5 10. Nd5 Qa5+ 11. Bd2 Qd8 12. Bg5 Qa5+ 1/2-1/2

[Event "Mulhouse 2010 - IM"]
[Site "Mulhouse"]
[Date "2010.??.??"]
[Round "5.2"]
[White "Riff, Vincent"]
[Black "Tiemann, Christoph"]
[Result "1-0"]
[WhiteElo "2332"]
[BlackElo "2281"]
[PlyCount "103"]
[EventDate "2010.07.??"]
[EventType "tourn"]
[EventCountry "FRA"]
[EventCategory "4"]
[WhiteTeamCountry "FRA"]
[BlackTeamCountry "FRA"]

1. e4 c5 2. Nf3 d6 3. d4 cxd4 4. Nxd4 Nf6 5. Nc3 a6 6. Be3 e6 7. Be2 Nbd7 8.
O-O b5 9. f3 Bb7 10. Kh1 Rc8 11. Bg1 Be7 12. a4 b4 13. Na2 d5 14. exd5 Nxd5 15.
c3 bxc3 16. Nxc3 Nxc3 17. bxc3 Rxc3 18. Rb1 Rc7 19. Rxb7 Rxb7 20. Bxa6 Rc7 21.
Nb5 Rc6 22. Bb7 Rb6 23. Bxb6 Qxb6 24. Be4 Nf6 25. Qd4 Qxd4 26. Nxd4 Nxe4 27.
fxe4 Bf6 28. Nb5 Ke7 29. Rc1 Ra8 30. Rc4 Be5 31. g3 Kd7 32. Kg2 Rc8 33. Na3
Rxc4 34. Nxc4 Bb8 35. Na5 Bc7 36. Nb3 Kc6 37. Kf3 Bb6 38. Ke2 h5 39. h3 f5 40.
Kd3 g5 41. exf5 exf5 42. Nd4+ Kd5 43. Nxf5 Ke5 44. Ng7 h4 45. g4 Kf4 46. Ne6+
Kg3 47. Nxg5 Bd8 48. Ne4+ Kxh3 49. g5 Be7 50. g6 Bf6 51. a5 Kg2 52. a6 1-0

[Event "FRA T U 20"]
[Site "Mulhouse"]
[Date "2010.??.??"]
[Round "2.5"]
[White "Rodriguez, Adrien"]
[Black "Bellahcene, Bilel"]
[Result "0-1"]
[WhiteElo "1813"]
[BlackElo "2010"]
[PlyCount "72"]
[EventDate "2010.??.??"]
[EventType "match"]
[EventCountry "FRA"]
[WhiteTeamCountry "FRA"]
[BlackTeamCountry "FRA"]

1. d4 Nf6 2. c4 e6 3. Nc3 Bb4 4. Nf3 b6 5. Bg5 Bb7 6. e3 h6 7. Bh4 g5 8. Bg3
Ne4 9. Qc2 f5 10. Bd3 d6 11. d5 Nc5 12. Nd4 Qf6 13. h3 O-O 14. O-O-O Bxc3 15.
Qxc3 e5 16. Nb5 Rf7 17. h4 a6 18. Na3 Nxd3+ 19. Rxd3 Nd7 20. b4 a5 21. hxg5
hxg5 22. Nc2 axb4 23. Nxb4 Nc5 24. Rdd1 Ne4 25. Qb2 f4 26. exf4 exf4 27. Rde1
Qxb2+ 28. Kxb2 Nd2 29. Kc3 fxg3 30. Kxd2 gxf2 31. Ref1 Ra4 32. Kc3 Ra3+ 33. Kd2
Ba6 34. Nxa6 Rxa2+ 35. Ke3 Rxa6 36. Rxf2 Ra3+ 0-1

[Event "FRA T U 20"]
[Site "Mulhouse"]
[Date "2010.??.??"]
[Round "1.5"]
[White "Rodriguez, Adrien"]
[Black "Devoille, Hugo"]
[Result "0-1"]
[WhiteElo "1813"]
[BlackElo "1691"]
[PlyCount "122"]
[EventDate "2010.??.??"]
[EventType "match"]
[EventCountry "FRA"]
[WhiteTeamCountry "FRA"]
[BlackTeamCountry "FRA"]

1. d4 Nf6 2. c4 g6 3. Nc3 Bg7 4. e4 d6 5. f4 O-O 6. Be2 c5 7. d5 e6 8. Nf3 Re8
9. Qc2 a6 10. a4 Nbd7 11. O-O e5 12. fxe5 Nxe5 13. Nxe5 Rxe5 14. Bf4 Re8 15.
Bg5 h6 16. Bh4 Qe7 17. Bd3 Qe5 18. Bg3 Qe7 19. Rae1 Ng4 20. Rf3 Be5 21. Ne2
Bxg3 22. Nxg3 Qh4 23. h3 Ne5 24. Rfe3 Bd7 25. Qb3 Rab8 26. Qb6 Qe7 27. Qb3 Rf8
28. Qc2 Nxd3 29. Qxd3 Bxa4 30. e5 dxe5 31. Rxe5 Qd6 32. Qe3 Rbe8 33. Qc3 Rxe5
34. Rxe5 Re8 35. Rxe8+ Bxe8 36. Qe3 Bd7 37. Ne4 Qe5 38. Qf3 Qd4+ 39. Kh2 f5 40.
Nd6 Qxb2 41. Qg3 Kg7 42. Qe3 Kf6 43. Qg3 Qe5 44. Qxe5+ Kxe5 45. Nxb7 Kd4 46.
Na5 Kc3 47. Kg3 g5 48. Kf3 Kb4 49. Nc6+ Kc3 50. Ke3 Bc8 51. Na7 Bd7 52. Nc6 Be8
53. Ne5 a5 54. Ke2 a4 55. Nd3 a3 56. Nc1 Kc2 57. Na2 Kb2 58. Kd2 Kxa2 59. Kc2
Ba4+ 60. Kc1 Ka1 61. g3 f4 0-1

[Event "Championnat de Ligue Individuel"]
[Site "Vendin les Bethune"]
[Date "2010.??.??"]
[Round "5.4"]
[White "Roger, Mehdi"]
[Black "Ait Chaouche, Samy"]
[Result "1-0"]
[WhiteElo "2177"]
[BlackElo "2019"]
[PlyCount "50"]
[EventDate "2008.??.??"]
[EventType "swiss"]
[EventRounds "7"]
[EventCountry "FRA"]
[WhiteTeamCountry "FRA"]
[BlackTeamCountry "FRA"]

1. e4 d6 2. d4 Nf6 3. Nc3 g6 4. f4 Bg7 5. Nf3 O-O 6. Bd3 Na6 7. O-O c5 8. d5
Rb8 9. a4 Nc7 10. Bc4 Bg4 11. h3 Bxf3 12. Qxf3 Nd7 13. a5 a6 14. Qd3 Kh8 15.
Bd2 Rg8 16. Kh1 Qf8 17. Rab1 Bf6 18. e5 Bg7 19. e6 Nf6 20. f5 gxf5 21. exf7
Qxf7 22. Rxf5 Bh6 23. Bxh6 Qg6 24. Bg5 h6 25. Bxf6+ exf6 1-0

[Event "Championnat de Ligue Individuel"]
[Site "Vendin les Bethune"]
[Date "2010.??.??"]
[Round "1.3"]
[White "Roger, Mehdi"]
[Black "Bocquet, David"]
[Result "1-0"]
[WhiteElo "2177"]
[BlackElo "1767"]
[PlyCount "63"]
[EventDate "2008.??.??"]
[EventType "swiss"]
[EventRounds "7"]
[EventCountry "FRA"]
[WhiteTeamCountry "FRA"]
[BlackTeamCountry "FRA"]

1. e4 c5 2. Nc3 e6 3. Nf3 a6 4. d4 cxd4 5. Nxd4 Qc7 6. Bd3 Nf6 7. O-O Nc6 8.
Be3 Be7 9. f4 d6 10. Qf3 Bd7 11. Nb3 h6 12. a3 b5 13. Rae1 Nd8 14. e5 Bc6 15.
Qg3 dxe5 16. fxe5 Nd7 17. Bd4 g5 18. Ne4 Nb7 19. Nbd2 Bc5 20. Bxc5 Ndxc5 21.
Nf6+ Ke7 22. Qf2 Raf8 23. b4 Nxd3 24. cxd3 Qd8 25. Nb3 Bd5 26. Nc5 Qc8 27.
Nxd5+ exd5 28. Qf6+ Ke8 29. e6 Nxc5 30. exf7+ Kd7 31. Re7+ Kd8 32. Ra7# 1-0

[Event "Championnat de Ligue Individuel"]
[Site "Vendin les Bethune"]
[Date "2010.??.??"]
[Round "3.2"]
[White "Roger, Mehdi"]
[Black "Dufour, Mickael"]
[Result "1/2-1/2"]
[WhiteElo "2177"]
[BlackElo "2099"]
[PlyCount "72"]
[EventDate "2008.??.??"]
[EventType "swiss"]
[EventRounds "7"]
[EventCountry "FRA"]
[WhiteTeamCountry "FRA"]
[BlackTeamCountry "FRA"]

1. e4 c5 2. Nf3 e6 3. d4 cxd4 4. Nxd4 Nc6 5. Nc3 a6 6. Be3 d6 7. Bc4 Nf6 8. Qe2
Qc7 9. Bb3 b5 10. Nxc6 Qxc6 11. f3 Nd7 12. Bd4 Ne5 13. O-O-O Be7 14. f4 Ng6 15.
g3 O-O 16. h4 Re8 17. h5 Nf8 18. Rhe1 Rb8 19. h6 g6 20. e5 d5 21. g4 a5 22. a4
b4 23. Na2 Ba6 24. Qe3 Bc4 25. Kb1 Bxb3 26. cxb3 Nd7 27. Rc1 Qb7 28. Rc2 Rbc8
29. Rec1 Rxc2 30. Rxc2 Rc8 31. Nc1 Rxc2 32. Kxc2 Qc7+ 33. Kd2 Bc5 34. Nd3 Bxd4
35. Qxd4 Kf8 36. g5 Ke7 1/2-1/2

[Event "Championnat de Ligue Individuel"]
[Site "Vendin les Bethune"]
[Date "2010.??.??"]
[Round "6.2"]
[White "Roger, Mehdi"]
[Black "Soyez, Cyril"]
[Result "1/2-1/2"]
[WhiteElo "2177"]
[BlackElo "2244"]
[PlyCount "40"]
[EventDate "2008.??.??"]
[EventType "swiss"]
[EventRounds "7"]
[EventCountry "FRA"]
[WhiteTeamCountry "FRA"]
[BlackTeamCountry "FRA"]

1. e4 c5 2. Nc3 Nc6 3. Nge2 g6 4. d4 cxd4 5. Nxd4 Bg7 6. Be3 Nf6 7. Bc4 O-O 8.
Bb3 d6 9. f3 Bd7 10. Qd2 Qa5 11. O-O-O Rfc8 12. Kb1 Ne5 13. Bg5 Nc4 14. Bxc4
Rxc4 15. Bxf6 Bxf6 16. Nd5 Qxd2 17. Nxf6+ Kg7 18. Nh5+ Kh6 19. Rxd2 Kxh5 20.
Re1 Kg5 1/2-1/2

[Event "Championnat de Ligue Individuel"]
[Site "Vendin les Bethune"]
[Date "2010.??.??"]
[Round "4.10"]
[White "Rohart, Quentin"]
[Black "Manet, Anthony"]
[Result "1/2-1/2"]
[WhiteElo "1620"]
[BlackElo "1705"]
[PlyCount "73"]
[EventDate "2008.??.??"]
[EventType "swiss"]
[EventRounds "7"]
[EventCountry "FRA"]
[WhiteTeamCountry "FRA"]
[BlackTeamCountry "FRA"]

1. e4 e5 2. f4 Nc6 3. Nf3 d6 4. Bc4 Nf6 5. d3 Be7 6. O-O O-O 7. f5 Na5 8. Nbd2
Nxc4 9. Nxc4 Bd7 10. Qe1 Bb5 11. Ne3 Bd7 12. g4 h6 13. Qg3 Nh7 14. Nd5 c6 15.
Nxe7+ Qxe7 16. h4 g6 17. g5 h5 18. Nd2 Qd8 19. Nc4 Qc7 20. b3 b5 21. Ne3 a5 22.
a4 Qb6 23. Kh2 Qd4 24. Bd2 Qb6 25. axb5 cxb5 26. Nd5 Qd8 27. fxg6 fxg6 28. Nf6+
Nxf6 29. gxf6 Bg4 30. Bg5 Rf7 31. Qe3 Rc8 32. c4 bxc4 33. dxc4 Rb8 34. Qc3 Ra8
35. Rf2 Qb6 36. Rd2 Rb7 37. Ra3 1/2-1/2

[Event "FRA T U 20"]
[Site "Mulhouse"]
[Date "2010.??.??"]
[Round "3.6"]
[White "Roque, Gaetan"]
[Black "Zeitoun, Maxime"]
[Result "1-0"]
[WhiteElo "1750"]
[BlackElo "1590"]
[PlyCount "52"]
[EventDate "2010.??.??"]
[EventType "match"]
[EventCountry "FRA"]
[WhiteTeamCountry "FRA"]
[BlackTeamCountry "FRA"]

1. d4 Nf6 2. Nf3 e6 3. Bf4 b6 4. e3 Bb7 5. Bd3 d5 6. Nbd2 Bd6 7. Bg5 Nbd7 8.
O-O O-O 9. c4 e5 10. cxd5 Bxd5 11. Bf5 Be6 12. Be4 Rb8 13. h3 exd4 14. exd4 Qe8
15. Qc2 h6 16. Be3 c5 17. Rfe1 Qd8 18. Rac1 Rc8 19. Qd3 Nb8 20. Nc4 Bxc4 21.
Rxc4 b5 22. Rc3 c4 23. Qb1 Bb4 24. Ne5 Bxc3 25. bxc3 Nxe4 26. Qxe4 Qf6 1-0

[Event "Condom op 10th"]
[Site "Condom"]
[Date "2010.??.??"]
[Round "1.17"]
[White "Ruault, Vincent"]
[Black "Choisy, Mathilde"]
[Result "0-1"]
[WhiteElo "1779"]
[BlackElo "2168"]
[PlyCount "32"]
[EventDate "2010.07.??"]
[EventType "swiss"]
[EventRounds "9"]
[EventCountry "FRA"]
[WhiteTeamCountry "FRA"]
[BlackTeamCountry "FRA"]

1. d4 g6 2. Nf3 Bg7 3. Bf4 d6 4. h3 Nd7 5. e3 Nh6 6. Be2 O-O 7. O-O e5 8. Bh2
f5 9. c3 Nf7 10. Nbd2 Qe7 11. Qb3 c6 12. Rab1 h5 13. Qd1 h4 14. Kh1 g5 15. Ng1
Nf6 16. f4 Nd5 0-1

[Event "Condom op 10th"]
[Site "Condom"]
[Date "2010.??.??"]
[Round "5.22"]
[White "Ruault, Vincent"]
[Black "Moreau, Emilien"]
[Result "1/2-1/2"]
[WhiteElo "1779"]
[BlackElo "1887"]
[PlyCount "66"]
[EventDate "2010.07.??"]
[EventType "swiss"]
[EventRounds "9"]
[EventCountry "FRA"]
[WhiteTeamCountry "FRA"]
[BlackTeamCountry "FRA"]

1. d4 g6 2. Nf3 Bg7 3. Bf4 c5 4. e3 Nc6 5. c3 cxd4 6. exd4 d5 7. Bd3 Nf6 8. h3
O-O 9. Nbd2 Nd7 10. O-O e5 11. dxe5 Ndxe5 12. Nxe5 Nxe5 13. Bxe5 Bxe5 14. Nf3
Bg7 15. Bb5 a6 16. Ba4 b5 17. Bb3 Bb7 18. Re1 b4 19. Rc1 bxc3 20. bxc3 Rc8 21.
c4 dxc4 22. Qxd8 Rcxd8 23. Rxc4 Bxf3 24. gxf3 Rd2 25. Kf1 a5 26. Rc7 Bd4 27.
Re2 Rxe2 28. Kxe2 Kg7 29. Kf1 g5 30. Rd7 Bc3 31. Kg2 h6 32. Kg3 Kg6 33. f4 Be1
1/2-1/2

[Event "GMI w Condom 2010"]
[Site "Condom"]
[Date "2010.??.??"]
[Round "9.2"]
[White "Rubio Mejia, Luis Ignacio"]
[Black "Fomichenko, Eduard"]
[Result "1/2-1/2"]
[WhiteElo "2354"]
[BlackElo "2458"]
[PlyCount "25"]
[EventDate "2010.07.??"]
[EventType "tourn"]
[EventCountry "FRA"]
[WhiteTeamCountry "FRA"]
[BlackTeamCountry "FRA"]

1. d4 d5 2. c4 e6 3. Nc3 Nf6 4. cxd5 exd5 5. Bg5 Be7 6. e3 c6 7. Bd3 O-O 8. Qc2
Nbd7 9. Nf3 Re8 10. O-O Nf8 11. a3 Ne4 12. Bxe7 Qxe7 13. b4 1/2-1/2

[Event "GMI w Condom 2010"]
[Site "Condom"]
[Date "2010.??.??"]
[Round "3.5"]
[White "Rubio Mejia, Luis Ignacio"]
[Black "Fomichenko, Svetlana"]
[Result "1/2-1/2"]
[WhiteElo "2354"]
[BlackElo "2217"]
[PlyCount "72"]
[EventDate "2010.07.??"]
[EventType "tourn"]
[EventCountry "FRA"]
[WhiteTeamCountry "FRA"]
[BlackTeamCountry "FRA"]

1. d4 d5 2. c4 e6 3. Nc3 Be7 4. Bf4 c6 5. e3 Nf6 6. Nf3 O-O 7. Rc1 Nbd7 8. c5
b6 9. b4 a5 10. a3 axb4 11. axb4 bxc5 12. bxc5 Ba6 13. Bxa6 Rxa6 14. h3 Ra3 15.
O-O Qa5 16. Nb1 Ra2 17. Nbd2 Ra8 18. Rc2 Rxc2 19. Qxc2 Bd8 20. Rb1 Ra7 21. Ne5
Nxe5 22. Bxe5 Nd7 23. Nf3 f6 24. Bd6 Bc7 25. Bxc7 Qxc7 26. e4 Qf4 27. exd5 exd5
28. Qe2 Qe4 29. Qb2 h6 30. Re1 Qf5 31. Qe2 Nf8 32. Qe8 Qd7 33. Qh5 Qf7 34. Qf5
Re7 35. Rb1 Rb7 36. Ra1 Ra7 1/2-1/2